|
|
|
|
| LEADER |
00000nab a2200000ua 4500 |
| 001 |
vtls010767435 |
| 003 |
SK-MaSNL |
| 005 |
20260408133437.0 |
| 008 |
250718s xo |||||||||||||||||slo| |
| 035 |
|
|
|a (urnnbn)urn:nbn:sk:snk:ar-a034j1
|
| 035 |
|
|
|a (uuid)3c62d540-1e05-4199-b45d-5d9bafc6975f
|
| 035 |
|
|
|a urn:nbn:sk:snk-ab536h
|
| 040 |
|
|
|a SNKBUCL
|b slo
|c SNKBUCL
|e AACR2
|
| 041 |
0 |
|
|a cze
|
| 044 |
|
|
|a xo
|c SK
|
| 100 |
1 |
|
|a Kostlivý, Stanislav,
|d 1877-1946
|4 aut
|9 197482
|
| 245 |
1 |
0 |
|a ZA JANEM SEMERADEM
|c Kostlivý.
|
| 773 |
0 |
|
|t Bratislavské lekárske listy
|g Roč. 6, č. 1 (1926-1927), s. [1]-2
|
| 850 |
|
|
|a Slovenská národná knižnica
|
| 852 |
|
|
|a Slovenská národná knižnica
|
| 954 |
|
|
|a odborná, vedecká literatúra cudzojazyčná (svetová)
|2 lita
|
| 958 |
|
|
|a article3
|
| 958 |
|
|
|a OND
|
| 958 |
|
|
|a EUIPO
|
| 999 |
|
|
|c 3091221
|d 3093151
|